All SEPTA Regional Rail Stations - Statistics

General Stats
  • This quiz has been taken 38 times
  • The average score is 50 of 141
Answer Stats
Hint Answer % Correct
Jeff Jefferson Station
90%
Suburb Suburban Station
86%
Temple Temple University
81%
49th 49th St
76%
30 30th Street Station
71%
Penn Penn Medicine
71%
Media
67%
Wawa
67%
Fox Fox Chase
62%
Wayne
62%
Main Main St
57%
Manayunk
57%
Newark
57%
Ridley Ridley Park
57%
Wayne Junction
57%
Wilmington
57%
Ardmore
52%
Cheltenham
52%
Doylestown
52%
East Falls
52%
East Eastwick
52%
Lansdale
52%
Hook Marcus Hook
52%
Prospect Prospect Park
52%
Terminal Terminal A
52%
Terminal Terminal B
52%
West West Trenton
52%
9th 9th St
48%
Conshohocken
48%
Cynwyd
48%
Elk Elkins Park
48%
Germantown
48%
Wales North Wales
48%
Paoli
48%
Bala
43%
Bryn Mawr
43%
CHE | CHW Chestnut Hill West
43%
Washington Fort Washington
43%
Glenside
43%
Haverford
43%
Ivy Ridge
43%
Malvern
43%
Merion
43%
Britain New Britain
43%
North Broad
43%
Terminals Terminals C & D
43%
Terminals Terminals E & F
43%
Allegheny
38%
Angora
38%
Claymont
38%
DVU Delaware Valley University
38%
Elwyn
38%
Elm Norristown Elm St
38%
Norristown T.C.
38%
Radnor
38%
Hill Sharon Hill
38%
St Davids
38%
Swarthmore
38%
Thorndale
38%
Warminster
38%
Wynnewood
38%
Yard Yardley
38%
Chelten Chelten Ave
33%
Chruch Churchman’s Crossing
33%
Downingtown
33%
Exton
33%
Lansdowne
33%
Meadow Meadowbrook
33%
Miqoun
33%
Narberth
33%
Olney
33%
Overbrook
33%
Queen Queen Lane
33%
Mill Spring Mill
33%
Villanova
33%
Ambler
29%
Chal Chalfont
29%
Eddystone
29%
Jenkintown-Wyncote
29%
Belt Link Belt
29%
Park Melrose Park
29%
Moylan-Rose Valley
29%
Noble
29%
Richard Richard Allen Lane
29%
Roslyn
29%
Rydal
29%
Secane
29%
Wynnefield Ave
29%
Carpenter
24%
Fernwood-Yeadon
24%
Folcroft
24%
Forest Forest Hills
24%
Fortuna
24%
Gravers
24%
Valley Gwynedd Valley
24%
Hatboro
24%
Highland
24%
Horn Langhorne
24%
Morton
24%
North North Hills
24%
Penllyn
24%
Penn Pennbrook
24%
Rosemont
24%
Martins St Martins
24%
Strafford
24%
Willow Grove
24%
Wood Woodbourne
24%
Ardsley
19%
Berwyn
19%
Chester T.C.
19%
Colmar
19%
Crestmont
19%
Crum Lynne
19%
Park Curtis Park
19%
Darby
19%
Devon
19%
Gladstone
19%
Glenolden
19%
Highland Ave
19%
Lawndale
19%
Mt Airy
19%
Oreland
19%
Philmont
19%
Primos
19%
Somerton
19%
Trevose
19%
Upsal
19%
Wallingford
19%
Washington Lane
19%
Whitford
19%
Wister
19%
Wyndmoor
19%
Bethayres
14%
Clifton-Aldan
14%
Daylesford
14%
Neshaminy Falls
14%
Ryers
14%
Sedgwick
14%
Stenton
14%
Wissahickon T.C.
14%
No matching quizzes found
Score Distribution
Percent of People with Each Score
Percentile by Number Answered
Your Score History
You have not taken this quiz